Name The Real Star Wars Freak - Statistics

General Stats
  • This quiz has been taken 196 times
  • The average score is 8 of 17
Answers on the Grid
Answers color-coded by a green-red scale on the quiz's grid according to % correct below.
Cylon Jiggy
Jinky Minus
Tony laughter
Kai jays
Gip bipple
Sebulba
Pi Vick
Ben Quadinaros
Kai Adi Mundi
Dexster Jettster
Match Slimer
Crip Muddle
Minnd Walker
Jar Jar Binks
Bondo reems
Droopy McCool
Watto
Janky
Gluppo
Green Needler
Babu Frik
Willow
Gaper Bingzoid
Nien Nunb
Turgle
Windo
Coleman Trebor
Aldar Beedo
 
Answer Stats
Answer % Correct
Jar Jar Binks
88%
Watto
86%
Sebulba
76%
Ben Quadinaros
66%
Kai Adi Mundi
66%
Babu Frik
64%
Dexster Jettster
64%
Nien Nunb
64%
Coleman Trebor
56%
Aldar Beedo
40%
Droopy McCool
40%
Bondo reems
38%
Jinky Minus
26%
Gip bipple
22%
Cylon Jiggy
18%
Turgle
14%
Gaper Bingzoid
12%
No matching quizzes found
Score Distribution
Percent of People with Each Score
Percentile by Number Answered
Your Score History
You have not taken this quiz